[Event "Belgrade-ch sf"]
[Site "Belgrade"]
[Date "2017.01.27"]
[Round "5"]
[White "Kostic, Vasilije"]
[Black "Rajkovic, Mladen"]
[Result "0-1"]
[WhiteElo "1858"]
[BlackElo "2346"]
[PlyCount "58"]
[EventDate "2017.01.23"]
[EventType "swiss"]
[EventRounds "7"]
[EventCountry "SRB"]
[SourceTitle "CBM 176 Extra"]
[Source "ChessBase"]
[SourceDate "2017.03.02"]
[SourceVersion "1"]
[SourceVersionDate "2017.03.02"]
[SourceQuality "1"]

1. e4 e5 2. Nf3 Nc6 3. d4 exd4 4. Nxd4 Nf6 5. Nc3 Bb4 6. Nxc6 bxc6 7. Bd3 0-0 8. 0-0 Re8 9. Bg5 h6 10. Bxf6 Qxf6 11. Qd2 Rb8 12. Rfe1 d6 13. Re3 Ba5 14. Rf3 Qd4 15. Qf4 Be6 16. Nd1 g5 17. Qg3 Bd2 18. c3 Qg7 19. Ne3 Bxe3 20. fxe3 Rxb2 21. Raf1 Qe5 22. Qe1 Reb8 23. R3f2 Bxa2 24. Rf5 Qg7 25. c4 Bb1 26. Bxb1 Rxb1 27. Qxb1 Rxb1 28. Rxb1 Qc3 29. Rbf1 Qxe3+ 0-1

[Event "Belgrade-ch sf"]
[Site "Belgrade"]
[Date "2017.01.25"]
[Round "3"]
[White "Kostic, Vasilije"]
[Black "Stankovic, Branislav D"]
[Result "1/2-1/2"]
[WhiteElo "1858"]
[BlackElo "2276"]
[PlyCount "81"]
[EventDate "2017.01.23"]
[EventType "swiss"]
[EventRounds "7"]
[EventCountry "SRB"]
[SourceTitle "CBM 176 Extra"]
[Source "ChessBase"]
[SourceDate "2017.03.02"]
[SourceVersion "1"]
[SourceVersionDate "2017.03.02"]
[SourceQuality "1"]

1. e4 e5 2. Nf3 Nc6 3. d4 exd4 4. Nxd4 Nf6 5. Nc3 Bb4 6. Nxc6 bxc6 7. Bd3 d5 8. exd5 cxd5 9. 0-0 0-0 10. h3 c6 11. Qf3 Bd6 12. Bf4 Rb8 13. b3 Qc7 14. Bxd6 Qxd6 15. Rfe1 Bd7 16. Qg3 Qxg3 17. fxg3 Rfe8 18. g4 h6 19. Kf2 Kf8 20. Bf5 Rxe1 21. Rxe1 Re8 22. Rxe8+ Kxe8 23. Ke3 Ke7 24. Kd4 Kd6 25. b4 g6 26. Bd3 Ne8 27. Na4 Nc7 28. Nc5 Ne6+ 29. Nxe6 Bxe6 30. c4 dxc4 31. Bxc4 Bc8 32. Bxf7 g5 33. Bg6 Be6 34. a3 Bd5 35. Be4 Bb3 36. Bf3 Bf7 37. Ke4 Bg6+ 38. Kd4 Bf7 39. g3 Bb3 40. h4 Bf7 41. hxg5 1/2-1/2